2023 Major League Baseball Leaders - Statistics

General Stats
  • This quiz has been taken 13 times
  • The average score is 13 of 39
Answer Stats
Stat Player % Correct
Runs (149) Ronald Acuña Jr.
64%
Hits (217) Ronald Acuña Jr.
64%
Stolen Bases (73) Ronald Acuña Jr.
64%
On Base Percentage (.416) Ronald Acuña Jr.
64%
Slugging Percentage (.654) Shohei Ohtani
64%
On Base Plus Slugging (1.066) Shohei Ohtani
64%
Games (162) Juan Soto
55%
Walks (132) Juan Soto
55%
Games (162) Matt Olson
55%
Home Runs (54) Matt Olson
55%
Runs Batted In (139) Matt Olson
55%
Saves (44) Emmanuel Clase
45%
Save Oppurtunities (56) Emmanuel Clase
45%
Shutouts (2) Gerrit Cole
45%
WHIP (0.98) Gerrit Cole
45%
Batting Average (.354) Luis Arraez
45%
Triples (11) Bobby Witt Jr.
36%
Caught Stealing (15) Bobby Witt Jr.
36%
Strikeouts (215) Kyle Schwarber
36%
Earned Run Average (2.25) Blake Snell
27%
Walks (99) Blake Snell
27%
Batting Average Against (.181) Blake Snell
27%
Games (162) Eugenio Suárez
27%
Games (162) Marcus Semien
27%
At-Bats (670) Marcus Semien
27%
Complete Games (3) Sandy Alcantara
27%
Wins (20) Spencer Strider
27%
Strikeouts (281) Spencer Strider
27%
Doubles (59) Freddie Freeman
18%
Innings Pitched (216) Logan Webb
18%
Shutouts (2) Framber Valdez
9%
Losses (17) Jordan Lyles
9%
Complete Games (3) Jordan Lyles
9%
Runs (130) Jordan Lyles
9%
Home Runs (44) Lance Lynn
9%
Pitching Games (78) Matt Brash
9%
Games Started (35) Miles Mikolas
9%
Hits (226) Miles Mikolas
9%
Hit Batters (16) JP Sears
0%
No matching quizzes found
Score Distribution
Percent of People with Each Score
Percentile by Number Answered
Your Score History
You have not taken this quiz